000 00568cab a2200205 4500
001 ABS55529
008 090401t1996 xxu||||| |||| 00| 0 eng d
035 _a(Sirsi) u17168
041 _aeng
245 4 _aThe Housing Act 1996
260 _c1996
350 _a0
490 _aHA Weekly
_v(471) 2 August 1996, 17-20(4)
520 _aSummarises the provisions of the Housing Act 1996 with particular emphasis on housing associations.
650 _aHOUSING ACT 1996
650 _aHOUSING ASSOCIATIONS
690 _aHOUSING
942 _n0
948 _c04/03/1997
999 _c11385
_d11385